000 00648nam a2200229 4500
001 5955
010 _a843452970X
090 _a5955
100 _a20211231d2006 a||y0pory5003 ba
200 1 _aO Imperador e as suas Loucuras
_fDisney
_gtrad. Elsa Rocha
210 _a[Singapura]
_cSalvat
_d2006
215 _a[44] p.
_cmuito il
_d23 cm
225 2 _aClube do Livro Disney
606 _914
_aLiteratura infantil
606 _913
_aLiteratura Estrangeira
675 _a82-93
_vBN
_zpor
675 _a821.1/.8
_vBN
_zpor
700 _aDisney
_bWalt
_94625
702 _aRocha
_bElsa
_93342
801 0 _aPT
_bBMVN
_gRPC
830 _cAna Caetano
_d31/12/2021
990 _cLIVROS